English for business communication (student's book): A modular short course consisting of five modules: cultural deversity and socialising, telephoning, presentations, meetings and negotiations
Gardado en:
| Autor Principal: | |
|---|---|
| Formato: | Libro |
| Idioma: | Undetermined |
| Publicado: |
Cambridge, UK
Cambridge Univ. Press
1997
|
| Những chủ đề: | |
| Các nhãn: |
Engadir etiqueta
Sen Etiquetas, Sexa o primeiro en etiquetar este rexistro!
|
| Thư viện lưu trữ: | Trung tâm Học liệu Trường Đại học Cần Thơ |
|---|
| LEADER | 00711nam a2200205Ia 4500 | ||
|---|---|---|---|
| 001 | CTU_57448 | ||
| 008 | 210402s9999 xx 000 0 und d | ||
| 020 | |b 215000 | ||
| 082 | |a 428.24 | ||
| 082 | |b S974 | ||
| 100 | |a Simon Sweeney | ||
| 245 | 0 | |a English for business communication (student's book): A modular short course consisting of five modules: cultural deversity and socialising, telephoning, presentations, meetings and negotiations | |
| 245 | 0 | |c Simon Sweeney | |
| 260 | |a Cambridge, UK | ||
| 260 | |b Cambridge Univ. Press | ||
| 260 | |c 1997 | ||
| 650 | |a english language | ||
| 650 | |x textbooks for foreign speakers | ||
| 904 | |i Minh | ||
| 980 | |a Trung tâm Học liệu Trường Đại học Cần Thơ | ||